000
00229nam a2200085Ia 4500
245
0
_a
Return of the gypsy witch
100
_a
HART, Alison New York, 2003
_9
112496
942
_c
BK
008
210825s9999 xx 000 0 und d
999
_c
515992
_d
515991